000 00853nam a2200217Ia 4500
008 0000001989 fr a 0000000000fre00
090 _aPSP00 M17l
100 1 _aMarsans, Luis
_d1930
245 1 0 _aLuis Marsans
_b: peintures et dessins
_c/ photographie Matha Marsans, Francois Walch
300 _a[60] p.
_c/ 20 cm.
500 _aExposición realizada en la galeria Claude Bernard, Paris, Noviembre 4 Diciembre 3, 1988 \ Con el patronazgo del maestro venezolano Jesús Rafael Soto (q.e.p.d.)
600 0 0 _aMARSANS, LUIS, 1930/
_xTRABAJOS PICTORICOS
650 1 4 _aARTE CONTEMPORANEO ESPAÑOL
650 1 4 _xCATALOGOS
650 1 4 _aDIBUJOS ESPAÑOLES
650 1 4 _xEXPOSICIONES
650 1 4 _aPINTORES ESPAÑOLES
650 1 4 _aPINTURA ESPAÑOLA
700 1 _aWalch, Francois
999 _c4612
_d4612
260 _aParís : Galerie Claude Bernard
_c1989